| 000 | 00682nam a22001817a 4500 | ||
|---|---|---|---|
| 008 | 110606t mx||||| |||| 00| 0 sp d | ||
| 020 | _a6070014161 | ||
| 050 | 0 | 4 |
_aLB2369 _bP33 |
| 100 | 1 | _aPadilla Alegre, José | |
| 245 | 1 | 0 |
_aClínica de metodología : _bCómo se elabora un proyecto de investigación / _cJosé Padilla Alegre ; pról. Alfredo Lauro Vera Amaya |
| 250 | _a1a ed. | ||
| 260 |
_aMéxico : _bPalacio del derecho editores, _c2010 |
||
| 300 |
_a135 p. : _bil. ; _c21 cm. |
||
| 504 | _aBibliografía : p. 133-135 | ||
| 650 | 7 |
_2Lemb _aTesis y disertaciones académicas _xMetodología |
|
| 650 | 7 |
_2Lemb _aTesis y disertaciones académicas _xInvestigación |
|
| 942 |
_2ddc _cLIB |
||
| 999 |
_c9292 _d9292 |
||